00611 2200217 4500001002100000005001700021008004100038035002400079090001500103100001500118245009600133250001700229260003100246300002700277500002800304650001200332850001500344980001300359985000600372999001500378YOGYA-0209000006311520090227040133.0 ind  0010-020900000063115 a330bGil D aGILARSO, T aDunia ekonomi kitabpengertian dasar ekonomi - produksi - konsumsi - distribusicT. Gilarso aEd.3, cet.10 aYogyakartabKanisiusc1986 a... Jilidbilusc21 cm aYang diterima : jil. 1A aEkonomi aYOPDYOG(B) a31-07-06 a1 aA000000424